Developing your child's personality.

Bibliographic Details
Main Author: McHugh, Gelolo, 1907-
Format: Book
Language:English
Published: New York : D. Appleton-Century Co., [1947]
Subjects:

MARC

Tag First Indicator Second Indicator Subfields
LEADER 00000cam a2200000 4500
001 in00000061988
005 20151008051109.0
008 750530s1947 nyu 00000 eng
010 |a  47031263  
035 |a (OCoLC)01363262 
035 |9 AAG5700AM 
040 |a DLC  |c DZM  |d OCL  |d TXA  |d UtOrBLW 
049 |a TXAM  |c [149158] 
050 0 0 |a BF721  |b .M18 
082 0 |a 649.1 
092 |a 136.7  |b M151d 
100 1 |a McHugh, Gelolo,  |d 1907- 
245 1 0 |a Developing your child's personality. 
264 1 |a New York :  |b D. Appleton-Century Co.,  |c [1947] 
300 |a 234 pages ;  |c 21 cm. 
336 |a text  |b txt  |2 rdacontent 
337 |a unmediated  |b n  |2 rdamedia 
338 |a volume  |b nc  |2 rdacarrier 
650 0 |a Child development. 
999 |a MARS 
999 f f |s 9f7be2e1-5a5b-3fb6-8b01-9d479b91475e  |i 8a6fe25c-efcb-31f5-8ea6-c23ab6569024  |t 0 
952 f f |p ric  |a Texas A&M University  |b Rellis Campus  |c Joint Library Facility  |d Remote Storage  |t 0  |e BF721 .M18  |h Library of Congress classification  |i unmediated -- volume  |m A14800514111 
998 f f |a BF721 .M18  |t 0  |l Remote Storage